[Event "12.Traum-Open"]
[Site "Oberstdorf"]
[Date "2005.07.11"]
[Round "3"]
[White "Buchäckert, Jürgen"]
[Black "Storkebaum, Karl-Heinrich"]
[Result "1-0"]
[WhiteElo "1898"]
[BlackElo "2023"]
[PlyCount "43"]
[EventDate "2005.??.??"]

1. e4 c5 2. c3 d5 3. exd5 Qxd5 4. d4 Nf6 5. Nf3 e6 6. Be3 cxd4 7. cxd4 Nc6 8.
Nc3 Bb4 9. Bd3 O-O 10. O-O Qa5 11. Qc2 g6 12. a3 Bxc3 13. bxc3 Re8 14. Rfe1 Bd7
15. Qe2 e5 16. dxe5 Nxe5 17. Nxe5 Rxe5 18. Qf3 Nd5 19. Bd4 Rxe1+ 20. Rxe1 f5
21. Bc4 Bc6 22. Qf4 1-0

[Event "12.Traum-Open"]
[Site "Oberstdorf"]
[Date "2005.07.11"]
[Round "3"]
[White "Schwarz, Werner"]
[Black "Bullock, Alfred"]
[Result "1/2-1/2"]
[WhiteElo "1963"]
[BlackElo "1490"]
[PlyCount "104"]
[EventDate "2005.??.??"]

1. e4 c5 2. Nf3 b6 3. d4 cxd4 4. Nxd4 Bb7 5. Nc3 Nc6 6. Be3 e6 7. a3 Nf6 8. f3
Be7 9. Qd2 O-O 10. Bc4 Nxd4 11. Bxd4 Rc8 12. Bb3 d5 13. exd5 Nxd5 14. Qf2 Nxc3
15. Bxc3 Bh4 16. g3 Bf6 17. Bb4 Be7 18. Bxe7 Qxe7 19. O-O-O Rfd8 20. Rhe1 Rxd1+
21. Rxd1 Rd8 22. Qe2 Rxd1+ 23. Qxd1 Bc6 24. f4 Qd7 25. Qe1 Kf8 26. Bc4 b5 27.
Bd3 g6 28. Qe5 Kg8 29. g4 Qd5 30. Qxd5 exd5 31. c3 Kf8 32. Kd2 Ke7 33. Ke3 Kd6
34. Kd4 Bd7 35. g5 a6 36. a4 Bc6 37. axb5 axb5 38. Be2 Bd7 39. b3 Bc6 40. c4
bxc4 41. bxc4 dxc4 42. Bxc4 Ke7 43. Ke5 Bd7 44. Bd3 Bh3 45. f5 Bg4 46. f6+ Kf8
47. Kf4 Be6 48. Be2 Bh3 49. Bg4 Bf1 50. Ke5 Bc4 51. Kd6 Bb3 52. h4 Bc4 1/2-1/2

[Event "12.Traum-Open"]
[Site "Oberstdorf"]
[Date "2005.07.11"]
[Round "3"]
[White "Slacik, Johann"]
[Black "Gestrich, Wolfgang"]
[Result "1-0"]
[WhiteElo "1904"]
[BlackElo "1783"]
[PlyCount "93"]
[EventDate "2005.??.??"]

1. d4 Nf6 2. c4 d6 3. Nc3 e5 4. dxe5 dxe5 5. Qxd8+ Kxd8 6. Bg5 Nbd7 7. O-O-O
Bd6 8. Ne4 Ke7 9. f3 h6 10. Bh4 g5 11. Nxd6 cxd6 12. Bf2 b6 13. e4 Bb7 14. Ne2
Rac8 15. Nc3 a6 16. Kb1 Nc5 17. Be2 Rhd8 18. Be3 Bc6 19. h4 Rg8 20. hxg5 hxg5
21. g4 Rcd8 22. b3 Nfd7 23. Rh5 Ne6 24. Nd5+ Bxd5 25. cxd5 Nf4 26. Bxf4 gxf4
27. Bxa6 Rh8 28. Rdh1 Rxh5 29. Rxh5 Nf6 30. Rh1 Nd7 31. b4 Nf8 32. Kb2 Ng6 33.
Kb3 Rh8 34. Rxh8 Nxh8 35. a4 Kd8 36. Be2 Kc7 37. g5 Kb7 38. Kc3 Ng6 39. Kd2 Nh4
40. Ke1 Ng2+ 41. Kf2 Nh4 42. Bb5 Ng6 43. Kg2 Nh4+ 44. Kf2 Ng6 45. Be8 Nh8 46.
Kg2 Kc7 47. Kh3 1-0

[Event "12.Traum-Open"]
[Site "Oberstdorf"]
[Date "2005.07.11"]
[Round "3"]
[White "Wechs, Julian"]
[Black "Johanssen, Torsten"]
[Result "0-1"]
[WhiteElo "1237"]
[BlackElo "1900"]
[PlyCount "86"]
[EventDate "2005.??.??"]

1. e4 Nf6 2. e5 Nd5 3. d4 d6 4. Nf3 g6 5. c4 Nb6 6. exd6 cxd6 7. Be2 Bg7 8. h3
O-O 9. O-O Nc6 10. Nc3 Bf5 11. Be3 d5 12. b3 e6 13. c5 Nc8 14. Qd2 e5 15. dxe5
Nxe5 16. Nxe5 Bxe5 17. Bd4 Qf6 18. Bxe5 Qxe5 19. Rad1 Rd8 20. Qd4 Qxd4 21. Rxd4
Ne7 22. Rfd1 Be6 23. Bf3 Rd7 24. b4 Nc6 25. R4d2 Nxb4 26. a3 Na6 27. Nxd5 Bxd5
28. Rxd5 Rxd5 29. Rxd5 Rc8 30. Rd7 Nxc5 31. Re7 Kf8 32. Re1 b6 33. Re3 Rd8 34.
Kf1 g5 35. Bh5 f6 36. Ke2 Rd7 37. Bf3 Re7 38. Rxe7 Kxe7 39. Ke3 Kd6 40. Kd4 b5
41. Be2 Ne6+ 42. Ke4 f5+ 43. Kxf5 Nd4+ 0-1

[Event "12.Traum-Open"]
[Site "Oberstdorf"]
[Date "2005.07.11"]
[Round "3"]
[White "Pscherer, Gerhard"]
[Black "Lübbers, Doris"]
[Result "1/2-1/2"]
[WhiteElo "1623"]
[BlackElo "1347"]
[PlyCount "59"]
[EventDate "2005.??.??"]

1. d4 d5 2. Nf3 Nf6 3. e3 e6 4. Nbd2 Be7 5. Bd3 Nbd7 6. O-O O-O 7. e4 dxe4 8.
Nxe4 Nxe4 9. Bxe4 Nf6 10. Bd3 b6 11. Ne5 Bb7 12. Ng4 Re8 13. Re1 Nxg4 14. Qxg4
Bf6 15. c3 g6 16. Bf4 Qe7 17. Rad1 Rac8 18. Bc4 Qf8 19. Bb5 c6 20. Ba4 Red8 21.
Be5 Bxe5 22. dxe5 Rxd1 23. Rxd1 Rd8 24. Qf3 Rd5 25. Qf6 Rxd1+ 26. Bxd1 c5 27.
Ba4 Ba8 28. h4 h5 29. Kh2 Bd5 30. Bb3 1/2-1/2

[Event "12.Traum-Open"]
[Site "Oberstdorf"]
[Date "2005.07.11"]
[Round "3"]
[White "Kumeth, Hartmut"]
[Black "Aicher, Hans"]
[Result "1/2-1/2"]
[WhiteElo "1600"]
[BlackElo "1798"]
[PlyCount "59"]
[EventDate "2005.??.??"]

1. d4 Nf6 2. c4 g6 3. Nc3 d5 4. cxd5 Nxd5 5. e4 Nxc3 6. bxc3 Bg7 7. Be3 c5 8.
f4 Nc6 9. e5 Qa5 10. Qd2 cxd4 11. cxd4 Qxd2+ 12. Kxd2 O-O 13. Bb5 Nb4 14. Nf3
Rd8 15. Rhc1 a6 16. Ba4 e6 17. Bb3 Bd7 18. Rc3 Bc6 19. Ke2 Bf8 20. Rac1 Bb5+
21. Kd2 a5 22. a3 Nc6 23. Bd1 a4 24. Be2 Ra5 25. Rb1 Bxe2 26. Kxe2 Rad5 27.
Rxb7 Na5 28. Ra7 R8d7 29. Ra8 Rd8 30. Ra7 1/2-1/2

[Event "12.Traum-Open"]
[Site "Oberstdorf"]
[Date "2005.07.11"]
[Round "4"]
[White "Graf, Joachim"]
[Black "Fischer, Roger"]
[Result "1/2-1/2"]
[WhiteElo "2145"]
[BlackElo "2175"]
[PlyCount "54"]
[EventDate "2005.??.??"]

1. d4 d6 2. Nf3 g6 3. g3 Bg7 4. Bg2 Nf6 5. O-O O-O 6. c4 c6 7. Nc3 Qa5 8. Bg5
h6 9. Bxf6 Bxf6 10. h3 Nd7 11. Qd2 Bg7 12. Rac1 Re8 13. Rb1 Qb4 14. Qd3 a5 15.
a3 Qb6 16. b4 axb4 17. axb4 Ra3 18. Qd2 Nf6 19. Qb2 Ra8 20. b5 c5 21. dxc5 Qxc5
22. Nd2 Nd7 23. Qc2 Nb6 24. Nce4 Qc7 25. Qb3 Be6 26. Rbc1 Rec8 27. Qd3 Nd7
1/2-1/2

[Event "12.Traum-Open"]
[Site "Oberstdorf"]
[Date "2005.07.11"]
[Round "4"]
[White "Maugg, Ludwig"]
[Black "Stiemer, Sönke"]
[Result "1/2-1/2"]
[WhiteElo "2147"]
[BlackElo "2049"]
[PlyCount "27"]
[EventDate "2005.??.??"]

1. d4 d5 2. c4 e6 3. Nc3 Nf6 4. cxd5 exd5 5. Bg5 c6 6. e3 Be7 7. Qc2 Bg4 8. Bd3
Bh5 9. Nge2 Bg6 10. O-O Bxd3 11. Qxd3 Nbd7 12. Ng3 O-O 13. Nf5 Re8 14. Nxe7+
1/2-1/2

[Event "12.Traum-Open"]
[Site "Oberstdorf"]
[Date "2005.07.11"]
[Round "4"]
[White "Schirmer, Werner"]
[Black "Froehlich, Rainer"]
[Result "1-0"]
[WhiteElo "2050"]
[BlackElo "2128"]
[PlyCount "45"]
[EventDate "2005.??.??"]

1. e4 e6 2. d4 d5 3. Nc3 Bb4 4. e5 b6 5. a3 Bf8 6. f4 Bb7 7. Nf3 Qd7 8. Be3 Nh6
9. Qd2 c5 10. Bd3 Nc6 11. h3 Be7 12. g4 cxd4 13. Nxd4 Nxd4 14. Bxd4 Bc6 15. Qf2
Rc8 16. O-O Bc5 17. f5 O-O 18. f6 Bxd4 19. Qxd4 gxf6 20. Rxf6 Kg7 21. Qf4 Ng8
22. Qg5+ Kh8 23. Qh4 1-0

[Event "12.Traum-Open"]
[Site "Oberstdorf"]
[Date "2005.07.11"]
[Round "4"]
[White "Schäfer, Thomas"]
[Black "Buchäckert, Jürgen"]
[Result "1/2-1/2"]
[WhiteElo "1979"]
[BlackElo "1898"]
[PlyCount "28"]
[EventDate "2005.??.??"]

1. Nc3 d5 2. e4 dxe4 3. Nxe4 Qd5 4. Nc3 Qa5 5. Bc4 Bf5 6. Qf3 c6 7. Nge2 e6 8.
d3 Nf6 9. h3 Nbd7 10. Bf4 Nb6 11. Bb3 Nbd5 12. Bd2 Qc7 13. O-O Bd6 14. Nxd5
Nxd5 1/2-1/2

[Event "12.Traum-Open"]
[Site "Oberstdorf"]
[Date "2005.07.11"]
[Round "4"]
[White "Johanssen, Torsten"]
[Black "Lücke, Volkmar"]
[Result "1-0"]
[WhiteElo "1900"]
[BlackElo "2009"]
[PlyCount "81"]
[EventDate "2005.??.??"]

1. c4 Nf6 2. Nc3 g6 3. e4 d6 4. d4 Bg7 5. Be2 O-O 6. Bg5 Nbd7 7. Qd2 c5 8. d5
a6 9. f3 Nb6 10. Bd3 Bd7 11. Nge2 Na4 12. Nxa4 Bxa4 13. Nc3 Qa5 14. Nxa4 Qxa4
15. b3 Qd7 16. Rd1 b5 17. g4 b4 18. Qg2 a5 19. Bc2 h6 20. Bc1 Rae8 21. O-O Kh7
22. Kh1 Rh8 23. Rg1 Kg8 24. f4 h5 25. gxh5 Nxh5 26. Rd3 Bd4 27. Rf1 Nf6 28. Bd1
e6 29. Rg3 exd5 30. exd5 Ne4 31. Rd3 Qf5 32. Bc2 Qh5 33. Be3 Bxe3 34. Rxe3 f5
35. Bxe4 Rxe4 36. Rxe4 fxe4 37. Re1 Qf3 38. Qxf3 exf3 39. Re8+ Kg7 40. Rxh8
Kxh8 41. Kg1 1-0

[Event "12.Traum-Open"]
[Site "Oberstdorf"]
[Date "2005.07.11"]
[Round "4"]
[White "Siegmund, Rainer"]
[Black "Slacik, Johann"]
[Result "1-0"]
[WhiteElo "2149"]
[BlackElo "1904"]
[PlyCount "51"]
[EventDate "2005.??.??"]

1. d4 d5 2. c4 e6 3. Nc3 Nf6 4. cxd5 exd5 5. Bg5 c6 6. e3 Qb6 7. Qc2 Be7 8. Bd3
Nbd7 9. Nf3 Bd6 10. O-O h6 11. Bh4 Qc7 12. Rac1 Nh5 13. Nxd5 Qa5 14. Nc3 O-O
15. Ne4 Bb8 16. Be7 Re8 17. b4 Qb6 18. Nd6 Bxd6 19. Bxd6 Qd8 20. b5 cxb5 21.
Bc7 Qf6 22. Bxb5 a6 23. Bd3 Nb6 24. Qc5 Bg4 25. Qxb6 Re6 26. Qxb7 1-0

[Event "12.Traum-Open"]
[Site "Oberstdorf"]
[Date "2005.07.11"]
[Round "4"]
[White "Bullock, Alfred"]
[Black "Sakowski, Christian"]
[Result "1/2-1/2"]
[WhiteElo "1490"]
[BlackElo "1986"]
[PlyCount "164"]
[EventDate "2005.??.??"]

1. b3 e5 2. Bb2 d6 3. c4 Nc6 4. e3 Nf6 5. Nc3 Bf5 6. d3 Be7 7. Nf3 Bg4 8. Be2
O-O 9. O-O Re8 10. e4 Bxf3 11. Bxf3 Nd4 12. Nd5 c5 13. Bxd4 exd4 14. Nxe7+ Rxe7
15. Bg4 Qa5 16. Bh3 Ne8 17. Qe1 Qxe1 18. Raxe1 Nc7 19. f4 Rae8 20. Kf2 b5 21.
Bg4 bxc4 22. bxc4 Rb8 23. Rb1 Ree8 24. Bd7 Red8 25. Bb5 Rb6 26. Rb3 Rdb8 27.
Rfb1 Kf8 28. Bc6 Rxb3 29. Rxb3 Rxb3 30. axb3 Na6 31. Bb5 Nb4 32. Ke2 Ke7 33. g3
f6 34. Ba4 a6 35. f5 g6 36. fxg6 hxg6 37. h4 Nc2 38. Bc6 Ne3 39. Ba4 Ng4 40.
Bc6 Ne5 41. Bb7 a5 42. Bc8 Kf7 43. Bh3 g5 44. hxg5 fxg5 45. Bc8 Ke7 46. Bh3 Kd8
47. Bf1 Kc7 48. Kd2 Kb6 49. Be2 Nc6 50. Kc2 Nb4+ 51. Kb2 Nc6 52. Ka3 Ne5 53. g4
Ng6 54. Kb2 Nh4 55. Kc2 Ng2 56. Kd2 Ne3 57. Kc1 a4 58. Kb2 Ka5 59. Ka3 axb3 60.
Kxb3 Ng2 61. Bf1 Nf4 62. Ka3 Kb6 63. Ka4 Ka6 64. Kb3 Kb7 65. Ka4 Kb6 66. Kb3
Kc6 67. Ka4 Kd7 68. Kb5 Ke6 69. Kc6 Ng6 70. Kc7 Ne5 71. Be2 Nf7 72. Kc6 Ke5 73.
Kd7 Kf4 74. Ke6 Ke3 75. Bf1 Ne5 76. Kxd6 Nxd3 77. e5 Nf4 78. Kxc5 d3 79. Bxd3
Kxd3 80. Kd6 Kxc4 81. e6 Nd5 82. Ke5 Kc5 1/2-1/2

[Event "12.Traum-Open"]
[Site "Oberstdorf"]
[Date "2005.07.11"]
[Round "4"]
[White "Storkebaum, Karl-Heinrich"]
[Black "Thonig, Manfred"]
[Result "1-0"]
[WhiteElo "2023"]
[BlackElo "1913"]
[PlyCount "103"]
[EventDate "2005.??.??"]

1. d4 f5 2. c4 Nf6 3. Nc3 e6 4. g3 Bb4 5. Qc2 Nc6 6. e3 Ne4 7. Bg2 Bxc3+ 8.
bxc3 d5 9. cxd5 exd5 10. Ba3 Be6 11. Ne2 Qd7 12. Nf4 Bf7 13. c4 Ne7 14. cxd5 g5
15. Ne6 Bxe6 16. dxe6 Qxe6 17. Qxc7 Kf7 18. Qxb7 Rhb8 19. Qxe7+ Qxe7 20. Bxe7
Kxe7 21. O-O Rb2 22. Bxe4 fxe4 23. Rfc1 Rf8 24. Rf1 Rf3 25. a4 a5 26. Rac1 Ra2
27. Rc5 Rxa4 28. Rxg5 Rf6 29. Re5+ Kd6 30. Rxe4 Kd5 31. Re5+ Kc4 32. g4 Kd3 33.
g5 Ra6 34. Rf5 Ra2 35. Rf6 Ra7 36. d5 a4 37. d6 Ke2 38. Rc1 a3 39. e4 Rb2 40.
Kg2 a2 41. d7 Rxd7 42. Ra6 Rg7 43. h4 Re7 44. Ra1 Rxe4 45. R1xa2 Rg4+ 46. Kh3
Rgb4 47. Rxb2+ Rxb2 48. Rf6 Rb3+ 49. Kg4 Kf1 50. Rf7 Kg2 51. Rxh7 Kxf2 52. g6
1-0

[Event "12.Traum-Open"]
[Site "Oberstdorf"]
[Date "2005.07.11"]
[Round "4"]
[White "Lübbers, Doris"]
[Black "Schwarz, Werner"]
[Result "0-1"]
[WhiteElo "1347"]
[BlackElo "1963"]
[PlyCount "70"]
[EventDate "2005.??.??"]

1. d4 Nf6 2. Nf3 g6 3. c4 d6 4. e3 Bg7 5. Be2 O-O 6. O-O b6 7. Nc3 Bb7 8. d5
Nbd7 9. Qc2 c6 10. dxc6 Bxc6 11. b3 Rc8 12. Bb2 Bb7 13. Rad1 a6 14. Qb1 Nc5 15.
Nd4 Qc7 16. Nf3 e6 17. Ne1 Rcd8 18. Bf3 d5 19. cxd5 exd5 20. Ne2 Nce4 21. Nd4
Qe7 22. g3 Rc8 23. Nd3 Rc7 24. Qa1 Rfc8 25. Rc1 Nd2 26. Rfd1 Nxf3+ 27. Nxf3 d4
28. Rxc7 Rxc7 29. Nde5 dxe3 30. fxe3 Bxf3 31. Nxf3 Qxe3+ 32. Kg2 Rc2+ 33. Rd2
Rxd2+ 34. Nxd2 Qxd2+ 35. Kh3 Qf2 0-1

[Event "12.Traum-Open"]
[Site "Oberstdorf"]
[Date "2005.07.11"]
[Round "4"]
[White "Aicher, Hans"]
[Black "Gestrich, Wolfgang"]
[Result "1-0"]
[WhiteElo "1798"]
[BlackElo "1783"]
[PlyCount "103"]
[EventDate "2005.??.??"]

1. d4 Nf6 2. c4 d6 3. Nc3 e5 4. Nf3 Nbd7 5. e4 Be7 6. Be2 h6 7. Qc2 c6 8. O-O
Qb6 9. dxe5 Nxe5 10. Nxe5 dxe5 11. Be3 Qc7 12. h3 O-O 13. Rfd1 Be6 14. a3 a6
15. Na4 c5 16. Nc3 Rad8 17. Nd5 Nxd5 18. cxd5 Bc8 19. b4 b6 20. Rac1 Bb7 21.
bxc5 bxc5 22. Bg4 Bc8 23. Bxc5 Bxg4 24. hxg4 Bd6 25. Bxd6 Qxd6 26. Qc5 g5 27.
Qxd6 Rxd6 28. Rc7 Rb8 29. Rdc1 Rb3 30. R1c3 Rb1+ 31. Kh2 Rb2 32. f3 Rdb6 33.
R7c6 Kf8 34. Rxb6 Rxb6 35. Rc7 Ke8 36. Kg3 Rd6 37. Ra7 Rb6 38. a4 Rf6 39. a5
Rd6 40. Kf2 Rf6 41. Ke3 Rd6 42. Kd3 f5 43. gxf5 Kf8 44. g4 Kg8 45. Kc4 h5 46.
gxh5 Rh6 47. Re7 Rxh5 48. Rxe5 Rh3 49. f6 Kf7 50. Rxg5 Rxf3 51. e5 Ra3 52. Rg7+
1-0

[Event "12.Traum-Open"]
[Site "Oberstdorf"]
[Date "2005.07.11"]
[Round "4"]
[White "Wechs, Julian"]
[Black "Winkler, Hans"]
[Result "1/2-1/2"]
[WhiteElo "1237"]
[BlackElo "1615"]
[PlyCount "52"]
[EventDate "2005.??.??"]

1. e4 c5 2. d3 d6 3. Nd2 Nf6 4. Ngf3 Nc6 5. g3 Bg4 6. Bg2 Qc8 7. O-O Bh3 8. Re1
e5 9. Nf1 h6 10. Ne3 Be7 11. Nh4 Bxg2 12. Kxg2 g6 13. Nc4 Qd7 14. a3 Nd4 15. c3
Ne6 16. Nf3 Ng8 17. d4 cxd4 18. cxd4 Rc8 19. Ne3 Ng5 20. Nxg5 Bxg5 21. dxe5
dxe5 22. Qxd7+ Kxd7 23. Nd5 Bxc1 24. Raxc1 Ne7 25. Nxe7 Kxe7 26. Red1 Rhe8
1/2-1/2

[Event "12.Traum-Open"]
[Site "Oberstdorf"]
[Date "2005.07.12"]
[Round "5"]
[White "Fischer, Roger"]
[Black "Stiemer, Sönke"]
[Result "1/2-1/2"]
[WhiteElo "2175"]
[BlackElo "2049"]
[PlyCount "47"]
[EventDate "2005.??.??"]

1. Nf3 Nf6 2. c4 c5 3. g3 b6 4. Bg2 Bb7 5. Nc3 g6 6. O-O Bg7 7. d4 cxd4 8. Qxd4
O-O 9. Qh4 d6 10. Bh6 Nbd7 11. Rfd1 Rc8 12. b3 Rc5 13. Bxg7 Kxg7 14. Qd4 Kg8
15. Rac1 Qa8 16. Ne1 Bxg2 17. Nxg2 Qc8 18. Ne3 Rh5 19. f3 Qc5 20. Ncd5 Qxd4 21.
Rxd4 Re8 22. Nf1 g5 23. Nfe3 Kf8 24. g4 1/2-1/2

[Event "12.Traum-Open"]
[Site "Oberstdorf"]
[Date "2005.07.12"]
[Round "5"]
[White "Sander, Rolf"]
[Black "Graf, Joachim"]
[Result "0-1"]
[WhiteElo "2046"]
[BlackElo "2145"]
[PlyCount "44"]
[EventDate "2005.??.??"]

1. e4 c5 2. Nf3 Nc6 3. Bb5 g6 4. O-O Bg7 5. c3 Nf6 6. Re1 O-O 7. d4 cxd4 8.
cxd4 d5 9. e5 Ne4 10. Nc3 Nxc3 11. bxc3 Bg4 12. h3 Bxf3 13. Qxf3 Qa5 14. a4
Nxd4 15. Qd3 Nxb5 16. Qxb5 Qxb5 17. axb5 Rfc8 18. Ra3 a6 19. Rb3 a5 20. f4 e6
21. Be3 a4 22. Ra3 Bf8 0-1

[Event "12.Traum-Open"]
[Site "Oberstdorf"]
[Date "2005.07.12"]
[Round "5"]
[White "Fehres, Werner"]
[Black "Schirmer, Werner"]
[Result "1/2-1/2"]
[WhiteElo "2033"]
[BlackElo "2050"]
[PlyCount "52"]
[EventDate "2005.??.??"]

1. e4 c5 2. f4 Nc6 3. c3 g6 4. Nf3 Bg7 5. Na3 Nf6 6. d3 O-O 7. g3 d6 8. Bg2 Rb8
9. Nc2 b5 10. Ne3 Bb7 11. O-O Qa5 12. Nd2 Qb6 13. Qe2 a5 14. h3 a4 15. Kh2 Qa6
16. Rf3 h5 17. Rf2 Qa8 18. Nd1 Na5 19. Rb1 b4 20. c4 Nc6 21. Nf3 Nd7 22. Ne3 e6
23. Bd2 Nd4 24. Qd1 Bc6 25. Ne1 f5 26. exf5 Nxf5 1/2-1/2

[Event "12.Traum-Open"]
[Site "Oberstdorf"]
[Date "2005.07.12"]
[Round "5"]
[White "Buchäckert, Jürgen"]
[Black "Maugg, Ludwig"]
[Result "1/2-1/2"]
[WhiteElo "1898"]
[BlackElo "2147"]
[PlyCount "23"]
[EventDate "2005.??.??"]

1. e4 c5 2. c3 Nf6 3. e5 Nd5 4. d4 cxd4 5. Nf3 d6 6. cxd4 e6 7. a3 Be7 8. Bd3
dxe5 9. dxe5 Nc6 10. O-O Qc7 11. Qe2 O-O 12. Qe4 1/2-1/2

[Event "12.Traum-Open"]
[Site "Oberstdorf"]
[Date "2005.07.12"]
[Round "5"]
[White "Lücke, Volkmar"]
[Black "Aicher, Hans"]
[Result "0-1"]
[WhiteElo "2009"]
[BlackElo "1798"]
[PlyCount "78"]
[EventDate "2005.??.??"]

1. Nf3 d5 2. g3 Nf6 3. Bg2 Nbd7 4. d4 g6 5. O-O Bg7 6. b3 c5 7. e3 O-O 8. Bb2
cxd4 9. exd4 Qc7 10. Nbd2 b5 11. Re1 Re8 12. Ne5 Bb7 13. Ndf3 Rac8 14. Bh3 e6
15. Nxf7 Kxf7 16. Ng5+ Kg8 17. Bxe6+ Rxe6 18. Nxe6 Qxc2 19. Qc1 Ne4 20. Rf1 b4
21. Qxc2 Rxc2 22. Bc1 Ba6 23. Re1 Nxf2 24. Nxg7 Nh3+ 25. Kh1 Be2 26. Rxe2 Rxe2
27. Bh6 Nf2+ 28. Kg2 Ng4+ 29. Kf3 Re4 30. Bf4 Nxh2+ 31. Kf2 Kxg7 32. Rc1 Ng4+
33. Kf3 h5 34. Rc7 Re7 35. Kg2 Kf6 36. Rxa7 Kf5 37. Rb7 Re2+ 38. Kg1 Ndf6 39.
Rxb4 Ne4 0-1

[Event "12.Traum-Open"]
[Site "Oberstdorf"]
[Date "2005.07.12"]
[Round "5"]
[White "Sakowski, Christian"]
[Black "Johanssen, Torsten"]
[Result "1-0"]
[WhiteElo "1986"]
[BlackElo "1900"]
[PlyCount "77"]
[EventDate "2005.??.??"]

1. d4 Nf6 2. Nf3 b5 3. c3 e6 4. Bg5 Bb7 5. Nbd2 h6 6. Bh4 c5 7. e3 a6 8. Bd3 d5
9. dxc5 Bxc5 10. Nb3 Bd6 11. Bg3 Nc6 12. Bxd6 Qxd6 13. Nfd4 Ne5 14. Na5 Nxd3+
15. Qxd3 Qb6 16. Nxb7 Qxb7 17. O-O O-O 18. Rfd1 Ne4 19. Nb3 Rfc8 20. Rac1 Qc7
21. f3 Nc5 22. Nxc5 Qxc5 23. Qd4 Ra7 24. Kf2 Rac7 25. e4 dxe4 26. Qxc5 Rxc5 27.
fxe4 b4 28. Rd3 Rc4 29. Ke3 e5 30. b3 R4c6 31. c4 g6 32. Rcd1 Kg7 33. Rd6 Kf8
34. R1d5 Rxd6 35. Rxd6 Ra8 36. Kd3 a5 37. Rd5 a4 38. c5 axb3 39. axb3 1-0

[Event "12.Traum-Open"]
[Site "Oberstdorf"]
[Date "2005.07.12"]
[Round "5"]
[White "Froehlich, Rainer"]
[Black "Bullock, Alfred"]
[Result "1/2-1/2"]
[WhiteElo "2128"]
[BlackElo "1490"]
[PlyCount "77"]
[EventDate "2005.??.??"]

1. d4 Nf6 2. c4 Nc6 3. Nf3 d6 4. Nc3 Bg4 5. d5 Ne5 6. Nd4 c5 7. dxc6 Nxc6 8. h3
Bd7 9. e4 Nxd4 10. Qxd4 g6 11. Be3 Bg7 12. Qd2 O-O 13. Bh6 Bc6 14. Bxg7 Kxg7
15. Bd3 Nd7 16. h4 Nc5 17. Bc2 h5 18. b4 Ne6 19. g4 hxg4 20. Bd1 Rh8 21. Bxg4
Rh6 22. h5 f5 23. Bf3 Qf8 24. Nd5 Bxd5 25. exd5 Qf6 26. Rd1 Qe5+ 27. Kf1 Nc7
28. Re1 Qf6 29. Qe3 Re8 30. Qxa7 Qc3 31. Qxb7 Qxf3 32. Rh4 Rxh5 33. Rxh5 Qxh5
34. Qxc7 Qh1+ 35. Ke2 Qe4+ 36. Kf1 Qh1+ 37. Ke2 Qe4+ 38. Kd2 Qd4+ 39. Ke2
1/2-1/2

[Event "12.Traum-Open"]
[Site "Oberstdorf"]
[Date "2005.07.12"]
[Round "5"]
[White "Kreie, Günter"]
[Black "Storkebaum, Karl-Heinrich"]
[Result "0-1"]
[WhiteElo "1942"]
[BlackElo "2023"]
[PlyCount "62"]
[EventDate "2005.??.??"]

1. e4 d5 2. exd5 Qxd5 3. Nc3 Qa5 4. d4 c6 5. Nf3 Bg4 6. h3 Bh5 7. g4 Bg6 8. Bd3
e6 9. Bxg6 hxg6 10. Ne5 Nf6 11. g5 Ne4 12. Qf3 Nxc3 13. bxc3 Qc7 14. Bf4 Bd6
15. Bg3 O-O 16. h4 Nd7 17. Qe4 Bxe5 18. dxe5 Qa5 19. Rd1 Qxc3+ 20. Kf1 Nc5 21.
Qe2 Rfd8 22. Rd6 Qb4 23. f3 b5 24. h5 Nb7 25. hxg6 Nxd6 26. exd6 Qc4 27. Qxc4
bxc4 28. gxf7+ Kxf7 29. Be5 Rab8 30. g6+ Kxg6 31. Rg1+ Kf5 0-1

[Event "12.Traum-Open"]
[Site "Oberstdorf"]
[Date "2005.07.12"]
[Round "5"]
[White "Pscherer, Gerhard"]
[Black "Slacik, Johann"]
[Result "1/2-1/2"]
[WhiteElo "1623"]
[BlackElo "1904"]
[PlyCount "39"]
[EventDate "2005.??.??"]

1. d4 d5 2. Nf3 Nf6 3. e3 e6 4. Bd3 Nbd7 5. Nbd2 b6 6. O-O Bb7 7. Ne5 Bd6 8. f4
c5 9. c3 Bxe5 10. fxe5 Ne4 11. Qg4 Qg5 12. Qxg5 Nxg5 13. h4 Ne4 14. Rf4 f5 15.
Nxe4 dxe4 16. Be2 h5 17. Bd2 Ke7 18. Raf1 a6 19. g3 b5 20. Rb1 1/2-1/2

[Event "12.Traum-Open"]
[Site "Oberstdorf"]
[Date "2005.07.12"]
[Round "5"]
[White "Thonig, Manfred"]
[Black "Wechs, Julian"]
[Result "0-1"]
[WhiteElo "1913"]
[BlackElo "1237"]
[PlyCount "32"]
[EventDate "2005.??.??"]

1. f4 d5 2. e4 dxe4 3. Nc3 Nf6 4. Qe2 Bf5 5. Qb5+ Bd7 6. Qxb7 Nc6 7. Bb5 Rb8 8.
Qa6 Nb4 9. Bxd7+ Qxd7 10. Qxa7 Rc8 11. Kd1 Ng4 12. Nge2 e3 13. Ne4 f5 14. h3
Qc6 15. hxg4 Qxc2+ 16. Ke1 Nd3+ 0-1

[Event "12.Traum-Open"]
[Site "Oberstdorf"]
[Date "2005.07.12"]
[Round "5"]
[White "Winkler, Hans"]
[Black "Kumeth, Hartmut"]
[Result "1-0"]
[WhiteElo "1615"]
[BlackElo "1600"]
[PlyCount "61"]
[EventDate "2005.??.??"]

1. c4 b6 2. Nc3 c5 3. Nf3 Bb7 4. e3 Nc6 5. g3 Nf6 6. Bg2 e6 7. O-O a6 8. b3 d6
9. Bb2 Be7 10. d4 d5 11. cxd5 exd5 12. dxc5 Bxc5 13. Na4 O-O 14. Rc1 Be7 15.
Nd4 Rc8 16. Nf5 Re8 17. Bh3 Rb8 18. Nd4 Nxd4 19. Bxd4 Ba8 20. Be5 Bd6 21. Bd4
Be5 22. Rc2 Ne4 23. Bxb6 Qd6 24. Bc7 Qh6 25. Bxb8 Bxb8 26. Bg2 f5 27. Qd3 Bb7
28. Nc5 Nxc5 29. Rxc5 g5 30. Qxf5 Rf8 31. Bxd5+ 1-0

[Event "12.Traum-Open"]
[Site "Oberstdorf"]
[Date "2005.07.12"]
[Round "5"]
[White "Gestrich, Wolfgang"]
[Black "Lübbers, Doris"]
[Result "1/2-1/2"]
[WhiteElo "1783"]
[BlackElo "1347"]
[PlyCount "40"]
[EventDate "2005.??.??"]

1. c4 c5 2. Nc3 Nc6 3. g3 g6 4. Bg2 Bg7 5. e4 d6 6. Nge2 e5 7. O-O Nge7 8. d3
O-O 9. a3 a6 10. h3 Be6 11. Kh2 Rb8 12. Rb1 Nd4 13. g4 Nec6 14. f4 exf4 15.
Bxf4 Nxe2 16. Nxe2 Nd4 17. b4 Qc7 18. Qd2 Nxe2 19. Qxe2 Be5 20. Bxe5 dxe5
1/2-1/2

[Event "12.Traum-Open"]
[Site "Oberstdorf"]
[Date "2005.07.14"]
[Round "6"]
[White "Graf, Joachim"]
[Black "Schirmer, Werner"]
[Result "1/2-1/2"]
[WhiteElo "2145"]
[BlackElo "2050"]
[PlyCount "49"]
[EventDate "2005.??.??"]

1. d4 Nf6 2. Nf3 g6 3. c4 Bg7 4. Nc3 d6 5. g3 O-O 6. Bg2 Nc6 7. O-O a6 8. h3
Rb8 9. Be3 Bd7 10. Rc1 b5 11. Nd2 Na5 12. b4 Nxc4 13. Nxc4 bxc4 14. a3 d5 15.
Nxd5 Nxd5 16. Bxd5 Bxh3 17. Bg2 Bxg2 18. Kxg2 Qd5+ 19. Kg1 Rfd8 20. Qc2 Bxd4
21. Bxd4 Qxd4 22. Rfd1 Qg4 23. Rxd8+ Rxd8 24. Qxc4 Rd1+ 25. Kg2 1/2-1/2

[Event "12.Traum-Open"]
[Site "Oberstdorf"]
[Date "2005.07.14"]
[Round "6"]
[White "Siegmund, Rainer"]
[Black "Fischer, Roger"]
[Result "1/2-1/2"]
[WhiteElo "2149"]
[BlackElo "2175"]
[PlyCount "26"]
[EventDate "2005.??.??"]

1. d4 d6 2. Nf3 g6 3. c4 Bg7 4. Nc3 e5 5. e4 exd4 6. Nxd4 Nc6 7. Be3 Nge7 8.
Be2 O-O 9. O-O f5 10. Nxc6 Nxc6 11. Qd2 fxe4 12. Nxe4 Bf5 13. Nc3 Qf6 1/2-1/2

[Event "12.Traum-Open"]
[Site "Oberstdorf"]
[Date "2005.07.14"]
[Round "6"]
[White "Sakowski, Christian"]
[Black "Sander, Rolf"]
[Result "1/2-1/2"]
[WhiteElo "1986"]
[BlackElo "2046"]
[PlyCount "26"]
[EventDate "2005.??.??"]

1. g3 d5 2. Bg2 Nf6 3. d4 e6 4. Nf3 c5 5. c3 Nc6 6. Bg5 h6 7. Bxf6 Qxf6 8. e3
Be7 9. Nbd2 O-O 10. O-O Rd8 11. Re1 cxd4 12. exd4 a6 13. a4 b6 1/2-1/2

[Event "12.Traum-Open"]
[Site "Oberstdorf"]
[Date "2005.07.14"]
[Round "6"]
[White "Thonig, Manfred"]
[Black "Lücke, Volkmar"]
[Result "0-1"]
[WhiteElo "1913"]
[BlackElo "2009"]
[PlyCount "110"]
[EventDate "2005.??.??"]

1. f4 d5 2. Nf3 c5 3. e3 Nc6 4. b3 Nf6 5. Bb2 e6 6. Bb5 Bd7 7. Bxc6 Bxc6 8. Ne5
g6 9. d4 Bg7 10. dxc5 Qa5+ 11. b4 Qxb4+ 12. Bc3 Qxc5 13. Qd2 Ne4 14. Bb4 Nxd2
15. Bxc5 Bxe5 16. fxe5 Ne4 17. Ba3 Rc8 18. O-O Ba4 19. c3 Bc2 20. Bb4 Bxb1 21.
Rfxb1 b6 22. g3 Nxc3 23. Rb3 Ne4 24. a4 Nc5 25. Rc3 Kd7 26. a5 Ne4 27. Rxc8
Rxc8 28. axb6 axb6 29. Ra7+ Rc7 30. Ra8 h5 31. Ra6 Kc6 32. Ra1 Kb5 33. Rb1 Rb7
34. Bd6+ Kc4 35. Kg2 b5 36. Rb4+ Kd3 37. Kf3 Nxd6 38. exd6 e5 39. Rb1 Kc2 40.
Rb4 f5 41. Ke2 Rd7 42. Rxb5 Rxd6 43. Rc5+ Kb3 44. Kd3 Kb4 45. Rc1 Kb5 46. Rb1+
Kc6 47. Rc1+ Kd7 48. Ra1 Ke6 49. Ra8 Rb6 50. Kc3 Rb1 51. Ra6+ Kf7 52. Ra7+ Kf6
53. h4 Rg1 54. Kd3 Rxg3 55. Ra5 f4 0-1